Центральная и боковая задачи связи для обыкновенных линейных дифференциальных уравнений с иррегулярной особой точкой

Detalles Bibliográficos
Autor Principal: Смилянский В. Р.
Autor Corporativo: Новосибирский государственный университет
Idioma:ruso
Publicado: Новосибирск, Изд-во НГУ, 1995
Subjects:
Formato: Libro
KOHA link:https://koha.lib.tpu.ru/cgi-bin/koha/opac-detail.pl?biblionumber=1119

MARC

LEADER 00000nam0a2200000 4500
001 1119
005 20231101204151.0
035 |a (RuTPU)RU\TPU\book\1123 
035 |a BOOK00001124 
090 |a 1119 
100 |a 20011209d1995 k y0rusy50 ca 
101 0 |a rus 
102 |a RU 
105 |a a z 000zy 
200 1 |a Центральная и боковая задачи связи для обыкновенных линейных дифференциальных уравнений с иррегулярной особой точкой  |f В. Р. Смилянский  |g Новосибирский государственный университет 
210 |a Новосибирск  |c Изд-во НГУ  |d 1995 
215 |a 317 с.  |c ил. 
610 1 |a линейные дифференциальные уравнения 
610 1 |a обыкновенные линейные дифференциальные уравнения 
675 |a 517.926  |v 3 
700 1 |a Смилянский  |b В. Р. 
712 0 2 |a Новосибирский государственный университет  |2 stltpush  |3 (RuTPU)RU\TPU\col\721  |9 23472 
801 0 |a RU  |b 63413507  |c 20011209  |g PSBO 
801 2 |a RU  |b 63413507  |c 20061109  |g PSBO 
942 |c BK